[Event "Manizales Feria op 29th"]
[Site "Manizales"]
[Date "2024.01.06"]
[Round "3"]
[White "Ramirez Montes, Maria Jose"]
[Black "Rios Canas, Jhonatan"]
[Result "0-1"]
[WhiteElo "1300"]
[BlackElo "1600"]
[PlyCount "80"]
[EventDate "2024.01.05"]
[EventType "swiss"]
[EventRounds "7"]
[EventCountry "COL"]
[SourceTitle "CBM 218 Extra"]
[Source "ChessBase"]
[SourceDate "2024.03.31"]
[SourceVersion "1"]
[SourceVersionDate "2024.03.31"]
[SourceQuality "1"]

1. e4 e5 2. Nf3 Nf6 3. Nxe5 Qe7 4. Nc4 Qxe4+ 5. Be2 Qxg2 6. Bf3 Qg6 7. Qe2+ Be7 8. Nc3 c6 9. Ne5 Qxc2 10. Qc4 0-0 11. Qh4 Qf5 12. Qg3 Bd6 13. Rg1 g6 14. Qh4 Qxe5+ 15. Kd1 Nd5 16. Bxd5 cxd5 17. Qh6 Qxh2 18. Rxg6+ fxg6 19. Qg5 Qe5 20. Qxe5 Bxe5 21. Nxd5 Nc6 22. d4 Bxd4 23. Nc7 Rb8 24. Nd5 Rxf2 25. Bh6 Rf1+ 26. Ke2 Rxa1 27. Kd3 Bxb2 28. Kc2 Bg7 29. Bg5 Rxa2+ 30. Kb3 Ra5 31. Bf6 Rxd5 32. Bc3 b5 33. Be1 Ba6 34. Kc2 Re8 35. Bc3 Bxc3 36. Kxc3 Re3+ 37. Kb2 Rd2+ 38. Kc1 Rh2 39. Kd1 Ra3 40. Kc1 Ra1# 0-1

[Event "Manizales Feria op 29th"]
[Site "Manizales"]
[Date "2024.01.05"]
[Round "1"]
[White "Cardona Marin, Fabio"]
[Black "Rios Canas, Jhonatan"]
[Result "1-0"]
[WhiteElo "1795"]
[BlackElo "1600"]
[PlyCount "35"]
[EventDate "2024.01.05"]
[EventType "swiss"]
[EventRounds "7"]
[EventCountry "COL"]
[SourceTitle "CBM 218 Extra"]
[Source "ChessBase"]
[SourceDate "2024.03.31"]
[SourceVersion "1"]
[SourceVersionDate "2024.03.31"]
[SourceQuality "1"]

1. Nf3 e6 2. d4 c5 3. e3 b6 4. Be2 Bb7 5. c4 Qf6 6. Nc3 a6 7. 0-0 Bd6 8. d5 e5 9. Ne4 Qe7 10. Nxd6+ Qxd6 11. e4 Nf6 12. Bd3 Qc7 13. Nh4 g6 14. f4 d6 15. fxe5 dxe5 16. Rxf6 Qe7 17. Bg5 h6 18. Re6 1-0